000 00645nam a2200277Ia 4500
005 20260324114634.0
008 008 260324s9999 xx 000 0 eng d
020 _a9780429317132
037 _aEBOOK
040 _aCRL
040 _beng
040 _cCRL
041 _2eng
041 _aeng
084 _qCRL
100 _aJeff W. Murray
_91151565
245 0 _aC# Game Programming Cookbook for Unity 3D
260 _bTaylor and Francis
260 _c2021
365 _a
365 _b210
856 _uhttp://www.taylorfrancis.com/books/9780429317132
942 _cEBOOK
999 _c1741872
_d1741872